000 00614nam a2200217 a 4500
001 BRCA_3594
005 20190320204339.0
008 070809s1958----fr-a---###---#000-0#fre-#
041 _afre
044 _afr
050 4 _aND621.V4
_b.V38 1958
100 1 _aVaudoyer, Jean Louis
_99332
245 1 0 _aLa peinture vénitienne
_bSes débuts, son apogée, son declin
_cJean-Louis Vaudoyer.
260 _aParis
_bA. Somogy
_c1958
300 _a96 p.
_bil., 47 láminas a color
_c25 cm.
500 _aB264
650 1 4 _aPintura veneciana
_99333
650 1 4 _aPintura
_xHistoria
_99334
902 _aGFM
942 _2lcc
_cB
999 _c3329
_d3329